Manká a škody v daňových výdavkoch

Definícia manka a škody podľa zákona o dani z príjmov. Účtovanie mánk a škôd v podvojnom účtovníctve. Ilustračné príklady.

Na minha lista:
Detalhes bibliográficos
Autor principal: Petrovická, Iveta
Formato: Capítulo de Livro
Idioma:eslovaco
Assuntos:
Tags: Adicionar Tag
Sem tags, seja o primeiro a adicionar uma tag!

MARC

LEADER 00000naa a2200000 4500
001 0257946
005 20190903110526.4
041 0 |a slo 
044 |a SK 
245 1 0 |a Manká a škody v daňových výdavkoch  |c Iveta Petrovická 
520 |a Definícia manka a škody podľa zákona o dani z príjmov. Účtovanie mánk a škôd v podvojnom účtovníctve. Ilustračné príklady. 
610 2 0 |a dane z príjmov 
610 2 0 |a účtovanie 
610 2 0 |a definície 
610 2 0 |a manká 
610 2 0 |a škody 
610 2 0 |a účtovníctvo podvojné 
100 1 |a Petrovická, Iveta